[Event "Qatar Masters Open 2015"]
[Site "Doha QAT"]
[Date "2015.12.27"]
[Round "7.26"]
[White "Xu, Jun"]
[Black "Lenderman, Aleksandr"]
[Result "0-1"]
[WhiteElo "2526"]
[BlackElo "2626"]
[PlyCount "68"]
[EventDate "2015.12.20"]
[EventType "swiss"]
[EventRounds "9"]
[EventCountry "QAT"]
[Source "lmi"]
[SourceDate "2015.12.20"]

1. Nf3 d5 2. d4 Nf6 3. c4 c6 4. Qc2 dxc4 5. Qxc4 Bg4 6. Nbd2 Nbd7 7. g3 e6 8.
Bg2 Be7 9. O-O O-O 10. Qb3 Qb6 11. Nc4 Qa6 12. Bd2 Nb6 13. Rfc1 Rfd8 14. e3
Nxc4 15. Rxc4 Qb6 16. Qc2 Bf5 17. Qc1 Be4 18. Ne5 Bd5 19. Bxd5 exd5 20. Ra4 Re8
21. Ba5 Qa6 22. b4 Rac8 23. Qc2 Qb5 24. Ra3 b6 25. Rc3 c5 26. a4 Qa6 27. dxc5
bxa5 28. b5 Qe6 29. Nc6 Ne4 30. Rc1 Nxc3 31. Qxc3 Rxc6 32. bxc6 Qxc6 33. Qxa5
a6 34. Qb4 Rc8 0-1

[Event "Qatar Masters Open 2015"]
[Site "Doha QAT"]
[Date "2015.12.27"]
[Round "7.27"]
[White "Pham, Le Thao Nguyen"]
[Black "Salem, A.R. Saleh"]
[Result "0-1"]
[WhiteElo "2319"]
[BlackElo "2622"]
[PlyCount "90"]
[EventDate "2015.12.20"]
[EventType "swiss"]
[EventRounds "9"]
[EventCountry "QAT"]
[Source "lmi"]
[SourceDate "2015.12.20"]

1. d4 Nf6 2. Bf4 g6 3. e3 Bg7 4. Nf3 d6 5. h3 O-O 6. Be2 c5 7. c3 Qb6 8. Qb3
Be6 9. Qxb6 axb6 10. a3 Bd5 11. Nbd2 Bc6 12. O-O Nbd7 13. Bg3 b5 14. Bd3 Nb6
15. Rab1 Rfc8 16. Rfe1 Na4 17. e4 Bh6 18. Bh4 Re8 19. Nf1 Bg7 20. Bg3 Nh5 21.
d5 Bd7 22. Bh2 Nxb2 23. Rxb2 Bxc3 24. Bxb5 Bxb2 25. Bxd7 Red8 26. Bb5 Rxa3 27.
e5 dxe5 28. Bxe5 Bxe5 29. Rxe5 Kf8 30. Ne3 Nf6 31. Bf1 h6 32. Nd2 Ra2 33. Nb3
b6 34. g4 Ra4 35. Nd2 Rd4 36. Nf3 Rb4 37. Nd2 e6 38. g5 hxg5 39. dxe6 Rxd2 40.
e7+ Ke8 41. Bc4 Rd4 42. Ba6 Re4 43. Rxg5 Rxe7 44. Nc4 Kf8 45. Nd6 Rd7 0-1

[Event "Qatar Masters Open 2015"]
[Site "Doha QAT"]
[Date "2015.12.27"]
[Round "7.28"]
[White "Adhiban, B."]
[Black "Gagare, Shardul"]
[Result "1/2-1/2"]
[WhiteElo "2669"]
[BlackElo "2470"]
[PlyCount "60"]
[EventDate "2015.12.20"]
[EventType "swiss"]
[EventRounds "9"]
[EventCountry "QAT"]
[Source "lmi"]
[SourceDate "2015.12.20"]

1. e4 e6 2. d4 d5 3. e5 c5 4. c3 Nc6 5. Nf3 Bd7 6. Be2 Nge7 7. O-O Rc8 8. Na3
cxd4 9. cxd4 Nf5 10. Nc2 Qb6 11. g4 Nfe7 12. Rb1 h5 13. h3 a5 14. Be3 Nb4 15.
Nxb4 axb4 16. a4 Nc6 17. Rc1 Be7 18. Bb5 Rc7 19. Qd2 hxg4 20. hxg4 Na5 21. Rxc7
Qxc7 22. Rc1 Nc4 23. Qe2 Bxb5 24. axb5 Qb6 25. b3 Nxe3 26. Rc8+ Bd8 27. fxe3
Kd7 28. Ra8 Re8 29. Kg2 Be7 30. Rxe8 Kxe8 1/2-1/2

[Event "Qatar Masters Open 2015"]
[Site "Doha QAT"]
[Date "2015.12.27"]
[Round "7.29"]
[White "Ly, Moulthun"]
[Black "Dubov, Daniil"]
[Result "1-0"]
[WhiteElo "2462"]
[BlackElo "2655"]
[PlyCount "57"]
[EventDate "2015.12.20"]
[EventType "swiss"]
[EventRounds "9"]
[EventCountry "QAT"]
[Source "lmi"]
[SourceDate "2015.12.20"]

1. e4 c5 2. Nf3 d6 3. d4 cxd4 4. Nxd4 Nf6 5. Nc3 Nc6 6. Bg5 e6 7. Qd2 a6 8.
O-O-O Be7 9. f4 Bd7 10. Nf3 b5 11. Bxf6 gxf6 12. f5 Ne5 13. Bd3 h5 14. Kb1 Qb6
15. Ne2 Ng4 16. Ned4 Bf8 17. fxe6 fxe6 18. h3 Bh6 19. Qc3 b4 20. Qb3 Ne3 21.
Nxe6 Rb8 22. Ned4 a5 23. Bb5 Bxb5 24. Qe6+ Kd8 25. Nxb5 Nxd1 26. Qxf6+ Kd7 27.
Ne5+ dxe5 28. Rxd1+ Kc8 29. Qxh8+ 1-0

[Event "Qatar Masters Open 2015"]
[Site "Doha QAT"]
[Date "2015.12.27"]
[Round "7.30"]
[White "Firat, Burak"]
[Black "Sethuraman, S.P."]
[Result "0-1"]
[WhiteElo "2446"]
[BlackElo "2639"]
[PlyCount "68"]
[EventDate "2015.12.20"]
[EventType "swiss"]
[EventRounds "9"]
[EventCountry "QAT"]
[Source "lmi"]
[SourceDate "2015.12.20"]

1. e4 g6 2. d4 Bg7 3. Nc3 d6 4. Be3 a6 5. h4 Nf6 6. f3 b5 7. Qd2 h5 8. a4 b4 9.
Nce2 a5 10. Nh3 Nbd7 11. Ng5 e5 12. dxe5 Nxe5 13. Nd4 O-O 14. O-O-O Bd7 15. Nb5
Rb8 16. Bd4 Qe7 17. f4 Nc6 18. Bc4 Nxe4 19. Qe3 Nxg5 20. Qxe7 Nxe7 21. Bxg7
Kxg7 22. hxg5 Bg4 23. Rd2 Nf5 24. b3 Ng3 25. Re1 Rbe8 26. Rxe8 Rxe8 27. Nxc7
Re1+ 28. Kb2 Ne4 29. Rd3 Be2 30. Re3 Nc3 31. Rxc3 bxc3+ 32. Kxc3 Bxc4 33. Kxc4
Re2 34. Nd5 Rxc2+ 0-1

[Event "Qatar Masters Open 2015"]
[Site "Doha QAT"]
[Date "2015.12.27"]
[Round "7.31"]
[White "Piorun, Kacper"]
[Black "Puranik, Abhimanyu"]
[Result "1-0"]
[WhiteElo "2637"]
[BlackElo "2442"]
[PlyCount "103"]
[EventDate "2015.12.20"]
[EventType "swiss"]
[EventRounds "9"]
[EventCountry "QAT"]
[Source "lmi"]
[SourceDate "2015.12.20"]

1. e4 e5 2. Nf3 Nc6 3. Bc4 Nf6 4. d3 h6 5. O-O d6 6. Re1 g6 7. d4 Qe7 8. Nc3
Bg7 9. Nd5 Qd8 10. Nxf6+ Qxf6 11. d5 Ne7 12. Be3 g5 13. Nd2 Qg6 14. Be2 g4 15.
f4 exf4 16. Bxf4 Bxb2 17. Bb5+ c6 18. Nc4 Qf6 19. e5 Qxf4 20. Re4 Qxe4 21.
Nxd6+ Kf8 22. Nxe4 Bxa1 23. Qxa1 Nxd5 24. e6 Rh7 25. Bd3 Bxe6 26. c4 Nf4 27.
Nf6 Rg7 28. Qc1 Nxd3 29. Qxh6 b5 30. Nh5 bxc4 31. Nxg7 Ke7 32. Nxe6 Rb8 33. h4
g3 34. Qg5+ Kxe6 35. Qxg3 Rd8 36. Qg4+ Ke7 37. Qxc4 Ne5 38. Qc5+ Ke6 39. Qxa7
f5 40. Kf1 f4 41. Qa4 Kf5 42. Qc2+ Kg4 43. Qe4 Rd1+ 44. Ke2 Rd5 45. a4 Kxh4 46.
Qxf4+ Ng4 47. Qc4 Re5+ 48. Kd2 Kg3 49. Qxc6 Rf5 50. a5 Rf2+ 51. Kc3 Rf1 52. Kb2
1-0

[Event "Qatar Masters Open 2015"]
[Site "Doha QAT"]
[Date "2015.12.27"]
[Round "7.32"]
[White "Vocaturo, Daniele"]
[Black "Saiyn, Zhanat"]
[Result "1/2-1/2"]
[WhiteElo "2597"]
[BlackElo "2394"]
[PlyCount "126"]
[EventDate "2015.12.20"]
[EventType "swiss"]
[EventRounds "9"]
[EventCountry "QAT"]
[Source "lmi"]
[SourceDate "2015.12.20"]

1. d4 Nf6 2. c4 e6 3. Nf3 d5 4. Nc3 Bb4 5. cxd5 exd5 6. Bf4 O-O 7. e3 Ne4 8.
Rc1 c5 9. dxc5 Nc6 10. Bd3 Bg4 11. Qc2 h6 12. Bxe4 dxe4 13. Ne5 Nxe5 14. Bxe5
Qd5 15. Bd4 Qc4 16. a3 Bxc3+ 17. Bxc3 Rfd8 18. Bd4 Qxc2 19. Rxc2 Bd7 20. f4 h5
21. b3 f6 22. Kd2 a5 23. a4 Bc6 24. Kc1 Kf7 25. Rd1 Rd5 26. Rdd2 Ke6 27. Rc4 h4
28. h3 Kf5 29. Kc2 Rd7 30. Kb2 Rd5 31. Rc1 Ke6 32. Rg1 Rh8 33. Kc2 Kf7 34. Kd1
Ke6 35. Ke2 Rhd8 36. Rb1 Ra8 37. Ra2 Rdd8 38. Kd2 Rd5 39. Kc3 Rh5 40. Rd2 Rhh8
41. Ra1 Rh5 42. b4 axb4+ 43. Kxb4 Rf5 44. a5 g5 45. fxg5 fxg5 46. Bc3 Bd5 47.
Rad1 Ra6 48. Rg1 Kd7 49. Rgd1 Kc6 50. Bf6 Ra8 51. Be7 Rg8 52. Bd6 g4 53. hxg4
Rxg4 54. Ra1 Rg8 55. a6 b6 56. a7 bxc5+ 57. Bxc5 Kb7 58. Rad1 Rd8 59. Rd4 Re5
60. Rf1 Rg8 61. Rfd1 Rd8 62. Bb6 Rd7 63. Bc5 Rd8 1/2-1/2

[Event "Qatar Masters Open 2015"]
[Site "Doha QAT"]
[Date "2015.12.27"]
[Round "7.33"]
[White "Wang, Yiye"]
[Black "Bluebaum, Matthias"]
[Result "0-1"]
[WhiteElo "2438"]
[BlackElo "2590"]
[PlyCount "46"]
[EventDate "2015.12.20"]
[EventType "swiss"]
[EventRounds "9"]
[EventCountry "QAT"]
[Source "lmi"]
[SourceDate "2015.12.20"]

1. d4 Nf6 2. c4 e6 3. Nf3 d5 4. g3 Bb4+ 5. Nbd2 dxc4 6. Bg2 b5 7. O-O a5 8. b3
cxb3 9. Qxb3 Bb7 10. Qd3 c6 11. a4 O-O 12. e4 h6 13. e5 Nd5 14. Ne4 bxa4 15.
Rd1 Nd7 16. Qc2 Qe7 17. Rxa4 c5 18. dxc5 Rfc8 19. Nd6 Rxc5 20. Qe4 Bc6 21. Rxb4
axb4 22. Nd4 Ra1 23. Qe1 Ba4 0-1

[Event "Qatar Masters Open 2015"]
[Site "Doha QAT"]
[Date "2015.12.27"]
[Round "7.34"]
[White "Esen, Baris"]
[Black "Rohan, Ahuja"]
[Result "1/2-1/2"]
[WhiteElo "2562"]
[BlackElo "2426"]
[PlyCount "93"]
[EventDate "2015.12.20"]
[EventType "swiss"]
[EventRounds "9"]
[EventCountry "QAT"]
[Source "lmi"]
[SourceDate "2015.12.20"]

1. Nf3 Nf6 2. c4 g6 3. Nc3 d5 4. cxd5 Nxd5 5. Qb3 Nb6 6. d4 Bg7 7. Bf4 Be6 8.
Qa3 Nc6 9. e3 O-O 10. Be2 a5 11. O-O Nb4 12. Rfc1 c5 13. Nb5 N6d5 14. Rxc5 Nxf4
15. exf4 b6 16. Rcc1 Rc8 17. Nc3 Bg4 18. g3 Bxf3 19. Bxf3 Qxd4 20. Be2 Qc5 21.
Qa4 Rfd8 22. a3 Nd5 23. Na2 Qd6 24. Rc2 b5 25. Bxb5 Nb6 26. Qe4 Rxc2 27. Qxc2
Qd2 28. Qb3 Qxb2 29. Rb1 Qxb3 30. Rxb3 a4 31. Rd3 Rxd3 32. Bxd3 Bb2 33. Bb5 f5
34. Kf1 Kf7 35. Ke2 Ke6 36. Kd3 Bxa3 37. Nc3 Bc5 38. Nxa4 Bxf2 39. Nxb6 Bxb6
40. Bc4+ Kf6 41. Ke2 Bg1 42. h4 e5 43. fxe5+ Kxe5 44. Kf3 h6 45. Bf7 g5 46.
hxg5 hxg5 47. g4 1/2-1/2

[Event "Qatar Masters Open 2015"]
[Site "Doha QAT"]
[Date "2015.12.27"]
[Round "7.35"]
[White "Aryan, Chopra"]
[Black "Rambaldi, Francesco"]
[Result "1/2-1/2"]
[WhiteElo "2436"]
[BlackElo "2560"]
[PlyCount "60"]
[EventDate "2015.12.20"]
[EventType "swiss"]
[EventRounds "9"]
[EventCountry "QAT"]
[Source "lmi"]
[SourceDate "2015.12.20"]

1. e4 c6 2. d4 d5 3. Nd2 dxe4 4. Nxe4 Bf5 5. Ng3 Bg6 6. h4 h6 7. Nf3 e6 8. Ne5
Bh7 9. Bd3 Bxd3 10. Qxd3 Nd7 11. Bf4 Qa5+ 12. c3 Nxe5 13. Bxe5 Nf6 14. O-O Be7
15. b4 Qa3 16. Rfb1 O-O 17. Rb3 Qa4 18. Ne4 Nxe4 19. Qxe4 Qa6 20. h5 Qc4 21.
Qg4 f6 22. Bf4 f5 23. Qg3 Rf6 24. Re1 b5 25. Ra3 a6 26. Be5 Rf7 27. Bf4 Rf6 28.
Be5 Rf7 29. Bf4 Rf6 30. Be5 Rf7 1/2-1/2

[Event "Qatar Masters Open 2015"]
[Site "Doha QAT"]
[Date "2015.12.27"]
[Round "7.39"]
[White "Shoker, Samy"]
[Black "Roy, Prantik"]
[Result "1/2-1/2"]
[WhiteElo "2489"]
[BlackElo "2370"]
[PlyCount "157"]
[EventDate "2015.12.20"]
[EventType "swiss"]
[EventRounds "9"]
[EventCountry "QAT"]
[Source "lmi"]
[SourceDate "2015.12.20"]

1. g3 d5 2. Bg2 Nf6 3. Nf3 c6 4. O-O Bg4 5. c4 Bxf3 6. Bxf3 e6 7. d3 dxc4 8.
dxc4 Qxd1 9. Rxd1 Nbd7 10. b3 Be7 11. Nc3 O-O 12. Bg2 Rfd8 13. h3 Kf8 14. g4 h6
15. Bf4 Ke8 16. Rd3 Nb6 17. a4 a5 18. Bc7 Rxd3 19. exd3 Bc5 20. Ne2 Rc8 21. Be5
Bb4 22. Bb2 Nbd7 23. d4 Ke7 24. Nf4 Bd6 25. Nd3 c5 26. b4 cxb4 27. c5 Bb8 28.
Bxb7 Rc7 29. Bg2 Nd5 30. Re1 N7f6 31. f4 Rd7 32. g5 hxg5 33. fxg5 Nh5 34. g6 f6
35. c6 Rd6 36. Bc1 Ba7 37. Bf3 Ng3 38. Kg2 Nf5 39. Bxd5 Rxd5 40. Nf4 Rd6 41. c7
Kd7 42. Nxe6 Nh4+ 43. Kf1 Nxg6 44. h4 Bxd4 45. h5 Ne5 46. Nxg7 Rc6 47. h6 Rc2
48. Be3 Bxe3 49. Rxe3 Rxc7 50. h7 Rc8 51. Nh5 Ke6 52. Rg3 Rh8 53. Rg7 b3 54.
Rb7 b2 55. Rxb2 Rxh7 56. Rb6+ Kf5 57. Nxf6 Rh4 58. Nd5 Rxa4 59. Rf6+ Kg5 60.
Re6 Nd3 61. Re7 Rd4 62. Nc3 Rc4 63. Nd5 Rc5 64. Ne3 Kf4 65. Ke2 Ne5 66. Rh7 Nc6
67. Rh4+ Ke5 68. Rc4 Kd6 69. Rxc5 Kxc5 70. Kd2 Kd4 71. Nf5+ Kc4 72. Kc2 a4 73.
Kb2 Kb4 74. Ne3 a3+ 75. Ka2 Nd4 76. Nd5+ Ka4 77. Nc3+ Kb4 78. Nd5+ Ka4 79. Nc3+
1/2-1/2

[Event "Qatar Masters Open 2015"]
[Site "Doha QAT"]
[Date "2015.12.27"]
[Round "7.40"]
[White "Guramishvili, Sopiko"]
[Black "Aravindh, Chithambaram VR"]
[Result "0-1"]
[WhiteElo "2368"]
[BlackElo "2486"]
[PlyCount "108"]
[EventDate "2015.12.20"]
[EventType "swiss"]
[EventRounds "9"]
[EventCountry "QAT"]
[Source "lmi"]
[SourceDate "2015.12.20"]

1. d4 Nf6 2. c4 a6 3. Nc3 c5 4. d5 b5 5. Bg5 d6 6. Bxf6 gxf6 7. e4 f5 8. cxb5
Bg7 9. bxa6 O-O 10. Bd3 Nd7 11. exf5 Ne5 12. Be4 Qb6 13. Rb1 Bxa6 14. Nge2 Bc4
15. O-O Bxa2 16. Nxa2 Rxa2 17. b3 Qb4 18. Ng3 Bf6 19. Qh5 Kh8 20. Rbe1 Rg8 21.
Bb1 Rxf2 22. Qd1 Rd2 23. Qc1 Qd4+ 24. Kh1 Qxd5 25. Be4 Qd4 26. Rd1 Rxd1 27.
Rxd1 Qb4 28. Bd5 Qh4 29. Ne4 Ng4 30. h3 Bd4 31. Rd3 Ne5 32. Rd1 Ng4 33. Rd3 Ne5
34. Rd1 Qh5 35. b4 Be3 36. Qa1 Qe2 37. Nc3 Qf2 38. Rf1 Qc2 39. Be4 Qd2 40. Nd5
Bd4 41. Qb1 Ng4 42. Nxe7 Re8 43. bxc5 dxc5 44. Bc6 Rxe7 45. Qb8+ Kg7 46. Qg3 h5
47. hxg4 Qg5 48. Bf3 Re8 49. f6+ Bxf6 50. Re1 Rxe1+ 51. Qxe1 hxg4 52. Be4 Qh6+
53. Kg1 Bd4+ 54. Kf1 Qf4+ 0-1

[Event "Qatar Masters Open 2015"]
[Site "Doha QAT"]
[Date "2015.12.27"]
[Round "7.41"]
[White "Firouzja, Alireza"]
[Black "Bromberger, Stefan"]
[Result "1/2-1/2"]
[WhiteElo "2372"]
[BlackElo "2521"]
[PlyCount "80"]
[EventDate "2015.12.20"]
[EventType "swiss"]
[EventRounds "9"]
[EventCountry "QAT"]
[Source "lmi"]
[SourceDate "2015.12.20"]

1. Nf3 c5 2. c4 Nf6 3. Nc3 b6 4. e4 d6 5. d4 cxd4 6. Nxd4 Bb7 7. f3 e6 8. Be2
Be7 9. O-O O-O 10. Be3 a6 11. Qd2 Qc7 12. Rac1 Nbd7 13. b4 Rac8 14. a3 Rfe8 15.
Nb3 Qb8 16. Kh1 Bd8 17. Rfd1 h5 18. Bf4 Ne5 19. Bxe5 dxe5 20. c5 b5 21. a4 bxa4
22. Nxa4 Bc6 23. Nb2 Bb5 24. Bxb5 Qxb5 25. Nc4 Bc7 26. Nd6 Bxd6 27. cxd6 Rxc1
28. Rxc1 Rd8 29. Nc5 Qc6 30. d7 Kf8 31. Qg5 Qb6 32. Qxe5 Nxd7 33. Nxd7+ Rxd7
34. Qxh5 Rc7 35. Rxc7 Qxc7 36. h4 Qg3 37. Kg1 Qe1+ 38. Kh2 Kg8 39. Qa5 Qxh4+
40. Kg1 Qe1+ 1/2-1/2

[Event "Qatar Masters Open 2015"]
[Site "Doha QAT"]
[Date "2015.12.27"]
[Round "7.43"]
[White "Ma, Zhonghan"]
[Black "Svane, Rasmus"]
[Result "1-0"]
[WhiteElo "2463"]
[BlackElo "2529"]
[PlyCount "165"]
[EventDate "2015.12.20"]
[EventType "swiss"]
[EventRounds "9"]
[EventCountry "QAT"]
[Source "lmi"]
[SourceDate "2015.12.20"]

1. Nf3 d5 2. d4 Nf6 3. c4 c6 4. Nc3 dxc4 5. a4 Bf5 6. Ne5 Nbd7 7. Nxc4 Nb6 8.
Ne5 a5 9. g3 e6 10. Bg2 Bb4 11. O-O O-O 12. e3 h6 13. Qe2 Bh7 14. Rd1 Nfd7 15.
Nxd7 Nxd7 16. e4 Qe7 17. Be3 Nf6 18. f3 Rfd8 19. Na2 Rd7 20. Nxb4 Qxb4 21. Qd2
Qxd2 22. Rxd2 Ne8 23. Rad1 Rad8 24. d5 cxd5 25. Bb6 Ra8 26. exd5 Rd6 27. Be3
Rxd5 28. Rxd5 exd5 29. Rxd5 Bc2 30. Rd4 Nf6 31. Bd2 b6 32. Bf1 Bb3 33. Bb5 Bd5
34. Kf2 Rc8 35. Bc3 Be6 36. Ba6 Ra8 37. Bb5 Rc8 38. Rd6 Nd5 39. Ba6 Rb8 40. Bd4
Kf8 41. Bc4 Nc7 42. Bxe6 Nxe6 43. Rxb6 Rc8 44. Be5 Nc5 45. Bd6+ Ke8 46. Bxc5
Rxc5 47. Ke3 Rc2 48. h4 Ke7 49. h5 Rc4 50. b3 Rc3+ 51. Kf4 Rc5 52. g4 Rc3 53.
Ke4 Kd7 54. Rb7+ Ke6 55. Rb5 Kf6 56. Rb6+ Ke7 57. f4 Rg3 58. Kf5 Rf3 59. Rb7+
Ke8 60. Rb5 Ke7 61. Ke4 Rh3 62. Kd5 f5 63. Rb7+ Kf6 64. Rb6+ Kf7 65. gxf5 Rxh5
66. Ke5 Rh3 67. Rb7+ Kg8 68. f6 gxf6+ 69. Kxf6 Rg3 70. Rb5 Kh7 71. Rxa5 Rxb3
72. Ra7+ Kg8 73. a5 Rc3 74. Re7 Ra3 75. Kg6 Kf8 76. Ra7 Rf3 77. f5 h5 78. a6 h4
79. Rf7+ Ke8 80. Rb7 Rg3+ 81. Kf6 h3 82. a7 Ra3 83. Rb8+ 1-0

[Event "Qatar Masters Open 2015"]
[Site "Doha QAT"]
[Date "2015.12.27"]
[Round "7.44"]
[White "Ali Marandi, Cemil Can"]
[Black "Sundararajan, Kidambi"]
[Result "1/2-1/2"]
[WhiteElo "2454"]
[BlackElo "2513"]
[PlyCount "74"]
[EventDate "2015.12.20"]
[EventType "swiss"]
[EventRounds "9"]
[EventCountry "QAT"]
[Source "lmi"]
[SourceDate "2015.12.20"]

1. Nf3 Nf6 2. g3 g6 3. b3 Bg7 4. Bb2 d6 5. d4 O-O 6. Bg2 a5 7. O-O c6 8. c4 Bf5
9. Nh4 Bd7 10. e4 Na6 11. Nc3 e5 12. Re1 Re8 13. d5 Nc5 14. Ba3 Rc8 15. dxc6
Bxc6 16. Qd2 Qc7 17. Rad1 Red8 18. Kh1 b6 19. f4 exf4 20. gxf4 Qe7 21. Nd5 Bxd5
22. exd5 Nfe4 23. Bxc5 Qxh4 24. Rxe4 bxc5 25. Rde1 Bh6 26. R1e3 Qf6 27. Bh3 Ra8
28. a4 Bg7 29. Qe2 Qa1+ 30. Kg2 Qb2 31. Qxb2 Bxb2 32. Re7 Bd4 33. Re2 Bf6 34.
Rd7 Rxd7 35. Bxd7 Kf8 36. Kf3 Rb8 37. Bb5 Rd8 1/2-1/2

[Event "Qatar Masters Open 2015"]
[Site "Doha QAT"]
[Date "2015.12.27"]
[Round "7.45"]
[White "Schroeder, Jan-Christian"]
[Black "Fang, Yuxiang"]
[Result "1-0"]
[WhiteElo "2511"]
[BlackElo "2438"]
[PlyCount "65"]
[EventDate "2015.12.20"]
[EventType "swiss"]
[EventRounds "9"]
[EventCountry "QAT"]
[Source "lmi"]
[SourceDate "2015.12.20"]

1. e4 c6 2. d4 d5 3. e5 c5 4. dxc5 e6 5. a3 a5 6. Be3 Qc7 7. Nc3 Bd7 8. Nb5
Bxb5 9. Bxb5+ Nd7 10. b4 Ne7 11. Nf3 Nc6 12. O-O Be7 13. c3 O-O 14. Bxc6 Qxc6
15. Nd4 Qa6 16. b5 Qa7 17. c6 Nc5 18. Qg4 Kh8 19. a4 Qb8 20. cxb7 Qxb7 21. Nc6
Rfc8 22. c4 Rxc6 23. bxc6 Qxc6 24. cxd5 Qxd5 25. Rfd1 Qb3 26. Qf3 Rf8 27. Qc6
Qb4 28. Rac1 Nb3 29. Rb1 Qa3 30. Rd3 Rb8 31. Rdxb3 Rxb3 32. Rxb3 Qa1+ 33. Qc1
1-0

[Event "Qatar Masters Open 2015"]
[Site "Doha QAT"]
[Date "2015.12.27"]
[Round "7.47"]
[White "Abhishek, Kelkar"]
[Black "Sunilduth Lyna, Narayanan"]
[Result "1/2-1/2"]
[WhiteElo "2393"]
[BlackElo "2494"]
[PlyCount "110"]
[EventDate "2015.12.20"]
[EventType "swiss"]
[EventRounds "9"]
[EventCountry "QAT"]
[Source "lmi"]
[SourceDate "2015.12.20"]

1. e4 c6 2. d4 d5 3. e5 Bf5 4. Nf3 e6 5. Be2 Ne7 6. O-O h6 7. a4 c5 8. dxc5
Nec6 9. b4 Nxb4 10. Nd4 Bxc5 11. Nxf5 exf5 12. Ra3 N8c6 13. Rf3 Nd4 14. Bb5+
Nxb5 15. axb5 d4 16. Rxf5 g6 17. Rf3 Qd5 18. c3 dxc3 19. Nxc3 Qxd1 20. Rxd1 O-O
21. Bxh6 Rfd8 22. Rb1 Rd3 23. Ne4 Rxf3 24. gxf3 Be7 25. Rc1 Nd3 26. Rc7 Bd8 27.
Nf6+ Bxf6 28. exf6 b6 29. Kg2 Nc5 30. Be3 Ne6 31. Rb7 Rd8 32. Rxa7 Rd5 33. Rb7
Rxb5 34. Rxb6 Rxb6 35. Bxb6 g5 36. Kg3 Kh7 37. Be3 Kg6 38. f4 gxf4+ 39. Bxf4
Kxf6 40. Kg4 Kg6 41. Bc1 Nd4 42. Bb2 Ne6 43. Bc3 Nc7 44. Bb2 Ne6 45. Ba1 Nc5
46. Bd4 Ne6 47. Be3 Nc7 48. h4 f5+ 49. Kf4 Nd5+ 50. Ke5 Nb4 51. Ke6 Nd3 52. Bb6
Nf4+ 53. Ke5 Nd3+ 54. Ke6 Nf4+ 55. Ke5 Nd3+ 1/2-1/2

[Event "Qatar Masters Open 2015"]
[Site "Doha QAT"]
[Date "2015.12.27"]
[Round "7.48"]
[White "Nezad, Husein Aziz"]
[Black "Zhukova, Natalia"]
[Result "1/2-1/2"]
[WhiteElo "2425"]
[BlackElo "2488"]
[PlyCount "62"]
[EventDate "2015.12.20"]
[EventType "swiss"]
[EventRounds "9"]
[EventCountry "QAT"]
[Source "lmi"]
[SourceDate "2015.12.20"]

1. d4 Nf6 2. c4 c5 3. d5 b5 4. Nf3 g6 5. cxb5 a6 6. e3 Bg7 7. Nc3 O-O 8. a4 Bb7
9. Be2 e6 10. e4 exd5 11. exd5 axb5 12. Bxb5 Re8+ 13. Be3 Ng4 14. O-O Nxe3 15.
fxe3 Na6 16. e4 Nc7 17. e5 Bxe5 18. Nxe5 Rxe5 19. Qf3 f5 20. Rae1 Rxe1 21. Rxe1
Qh4 22. Qf2 Qxf2+ 23. Kxf2 Nxb5 24. axb5 Kf8 25. d6 Be4 26. b4 cxb4 27. Nxe4
fxe4 28. Rxe4 b3 29. Rb4 Kf7 30. Rxb3 Ke6 31. Rh3 Ra2+ 1/2-1/2

[Event "Qatar Masters Open 2015"]
[Site "Doha QAT"]
[Date "2015.12.27"]
[Round "7.49"]
[White "Krush, Irina"]
[Black "Basso, Pier Luigi"]
[Result "1/2-1/2"]
[WhiteElo "2468"]
[BlackElo "2438"]
[PlyCount "60"]
[EventDate "2015.12.20"]
[EventType "swiss"]
[EventRounds "9"]
[EventCountry "QAT"]
[Source "lmi"]
[SourceDate "2015.12.20"]

1. c4 c6 2. d4 d5 3. cxd5 cxd5 4. Bf4 Nc6 5. e3 Nf6 6. Nc3 Bg4 7. Qb3 Na5 8.
Qa4+ Bd7 9. Qc2 e6 10. Bd3 Nh5 11. Be5 Nc6 12. Qe2 Nxe5 13. dxe5 g6 14. Nf3 Bb4
15. O-O O-O 16. a3 Ba5 17. b4 Bb6 18. Qd2 f6 19. Rad1 fxe5 20. Nxe5 Be8 21. Kh1
Qh4 22. g3 Qe7 23. Ne2 a5 24. Nd4 axb4 25. axb4 Nf6 26. f4 Nd7 27. Nef3 e5 28.
Nxe5 Nxe5 29. fxe5 Rxf1+ 30. Rxf1 Qxe5 1/2-1/2

[Event "Qatar Masters Open 2015"]
[Site "Doha QAT"]
[Date "2015.12.27"]
[Round "7.50"]
[White "Saduakassova, Dinara"]
[Black "Moroni, Luca Jr"]
[Result "1-0"]
[WhiteElo "2407"]
[BlackElo "2466"]
[PlyCount "77"]
[EventDate "2015.12.20"]
[EventType "swiss"]
[EventRounds "9"]
[EventCountry "QAT"]
[Source "lmi"]
[SourceDate "2015.12.20"]

1. d4 e6 2. Nf3 c5 3. e4 cxd4 4. Nxd4 a6 5. c4 d6 6. Nc3 Nf6 7. Be2 Be7 8. O-O
O-O 9. Be3 Qc7 10. Qd2 b6 11. Rac1 Bb7 12. f3 Nbd7 13. Rfd1 Rac8 14. Bf1 Qb8
15. Qf2 Rfe8 16. a3 Bd8 17. b4 Ne5 18. Nb3 Nxc4 19. Bxc4 Rxc4 20. Bxb6 Be7 21.
Na5 Rcc8 22. Ba7 Qc7 23. Ne2 Qd7 24. Qb6 Rxc1 25. Rxc1 Bc8 26. Qb8 Bd8 27. Rxc8
Qxc8 28. Qxc8 Bb6+ 29. Bxb6 Rxc8 30. Kf2 Rc2 31. Bd4 Ra2 32. Ke1 Rxa3 33. Nc1
Nd7 34. Kd2 Ne5 35. Bxe5 dxe5 36. Nc4 Ra1 37. Kc2 f5 38. Kb2 Ra4 39. Na2 1-0

[Event "Qatar Masters Open 2015"]
[Site "Doha QAT"]
[Date "2015.12.27"]
[Round "7.52"]
[White "Sanal, Vahap"]
[Black "Mohammad, Nubairshah Shaikh"]
[Result "1/2-1/2"]
[WhiteElo "2487"]
[BlackElo "2414"]
[PlyCount "143"]
[EventDate "2015.12.20"]
[EventType "swiss"]
[EventRounds "9"]
[EventCountry "QAT"]
[Source "lmi"]
[SourceDate "2015.12.20"]

1. Nf3 d5 2. g3 Nf6 3. Bg2 g6 4. d4 Bg7 5. O-O O-O 6. b3 Bf5 7. Bb2 Nbd7 8.
Nbd2 c6 9. c4 a5 10. Rc1 a4 11. b4 b5 12. cxb5 cxb5 13. h3 Ne4 14. Ne5 a3 15.
Ba1 Nxe5 16. dxe5 Ra4 17. g4 Be6 18. Nb3 Rxb4 19. Nd4 Qd7 20. f3 Ng3 21. Re1
Bxe5 22. Nc6 Bxa1 23. Nxb4 Bb2 24. Rc2 d4 25. Nd3 Bc3 26. Kh2 Qd6 27. f4 Bxe1
28. Qxe1 Nxe2 29. Rc6 Nxf4 30. Rxd6 Nxd3 31. Qd2 exd6 32. Qxd3 b4 33. Qb5 b3
34. axb3 a2 35. Qa4 Bxb3 36. Qxd4 d5 37. h4 Ra8 38. Qa1 h6 39. h5 g5 40. Bf3
Rc8 41. Kg3 d4 42. Be4 Rc3+ 43. Kf2 Be6 44. Qb2 Kg7 45. Qa1 Kf6 46. Bf5 Bd5 47.
Ke2 Ke5 48. Bd3 Ra3 49. Kd2 Kd6 50. Be4 Ke5 51. Bxd5 Kxd5 52. Kc2 Ra7 53. Kb3
Kc5 54. Kb2 Rb7+ 55. Kc2 Ra7 56. Kd3 Ra3+ 57. Kd2 Kd5 58. Kc2 Ra7 59. Kb2 Kd6
60. Kc1 Kd5 61. Kc2 Ra6 62. Kb3 Kc5 63. Kb2 Kd6 64. Kc2 Kd5 65. Kd1 Ra7 66. Kd2
Ra6 67. Kc1 Ra7 68. Kb2 Kd6 69. Kb3 Kc5 70. Kc2 Kd5 71. Kd3 Ra3+ 72. Kd2
1/2-1/2

[Event "Qatar Masters Open 2015"]
[Site "Doha QAT"]
[Date "2015.12.27"]
[Round "7.53"]
[White "Tabatabaei, M.Amin"]
[Black "Tissir, Mohamed"]
[Result "0-1"]
[WhiteElo "2482"]
[BlackElo "2346"]
[PlyCount "102"]
[EventDate "2015.12.20"]
[EventType "swiss"]
[EventRounds "9"]
[EventCountry "QAT"]
[Source "lmi"]
[SourceDate "2015.12.20"]

1. e4 c5 2. Nf3 e6 3. d4 cxd4 4. Nxd4 a6 5. Bd3 Bc5 6. Nb3 Be7 7. Qg4 g6 8. O-O
d6 9. a4 Nd7 10. a5 Qc7 11. Qe2 Ngf6 12. Bh6 Bf8 13. Be3 Bg7 14. f4 O-O 15. Na3
e5 16. Nc4 exf4 17. Bxf4 Ne5 18. Nb6 Rb8 19. Bg5 Ned7 20. Kh1 h6 21. Be3 Nxb6
22. Bxb6 Qe7 23. Rae1 Ng4 24. h3 Ne5 25. Ba7 Ra8 26. Be3 Bd7 27. Nd4 Rae8 28.
Nf3 Nxf3 29. Qxf3 Be6 30. c3 Rc8 31. Bd4 Be5 32. Qe3 Kg7 33. Rf2 Qg5 34. Qe2
Qg3 35. Bxe5+ Qxe5 36. Qf3 Rc5 37. Ra1 Rxa5 38. Rxa5 Qxa5 39. Qf6+ Kg8 40. Qe7
Qb6 41. Rf3 Qxb2 42. e5 Qc1+ 43. Kh2 Qg5 44. Qxd6 Rd8 45. Qc7 Rc8 46. Qa5 b5
47. Qxa6 Qxe5+ 48. Rg3 Rxc3 49. Qxb5 Qc7 50. Qa6 Bf5 51. Qa8+ Kh7 0-1